La littérature de jeunesse (notice n° 2152410)
[ vue normale ]
| 000 -LEADER | |
|---|---|
| fixed length control field | 01659cam a2200133 4500500 |
| 005 - DATE AND TIME OF LATEST TRANSACTION | |
| control field | 20260405032125.0 |
| 041 ## - LANGUAGE CODE | |
| Language code of text/sound track or separate title | fre |
| 042 ## - AUTHENTICATION CODE | |
| Authentication code | dc |
| 100 10 - MAIN ENTRY--PERSONAL NAME | |
| Personal name | Prince, Nathalie |
| Relator term | author |
| 245 00 - TITLE STATEMENT | |
| Title | La littérature de jeunesse |
| 260 ## - PUBLICATION, DISTRIBUTION, ETC. | |
| Name of publisher, distributor, etc. | Armand Colin,<br/> |
| Date of publication, distribution, etc. | 2021.<br/> |
| 520 ## - SUMMARY, ETC. | |
| Summary, etc. | "À plat ventre sur la moquette rouge, je lisais Mme de Ségur, Zénaïde Fleuriot, les contes de Perrault, de Grimm, de Mme d’Aulnoy, du chanoine Schmid, les albums de Töpffer, Bécassine, les aventures de la famille Fenouillard, celles du sapeur Camember, Sans famille, Jules Verne, Paul d’Ivoi, André Laurie, et la série des livres roses..." (Simone de Beauvoir, Mémoires d'une jeune fille rangée) La littérature dite « de jeunesse » n’est pas comme les autres littératures. Elle s’imprime différemment en nous et nous marque en profondeur, à la manière d’une mythologie interne. Nous entretenons tous, en effet, avec certains petits personnages qui ont grandi avec nous, des relations intimes et singulières. Quelle littérature peut se targuer d’avoir la même puissance imaginaire que la madeleine de Proust ? Ce livre dédié à l’autre littérature propose d’établir, pour la première fois, une théorie littéraire du genre. De l’album au roman young adult en passant par la bande dessinée, les imagiers et les classiques, La littérature de jeunesse offre à tous ceux qui ont un livre d’enfance dans le coeur les éléments d’une poétique pour cerner cette littérature audacieuse, en constant renouvellement. |
| 856 41 - ELECTRONIC LOCATION AND ACCESS | |
| Uniform Resource Identifier | <a href="https://shs.cairn.info/la-litterature-de-jeunesse--9782200628000?lang=fr&redirect-ssocas=7080">https://shs.cairn.info/la-litterature-de-jeunesse--9782200628000?lang=fr&redirect-ssocas=7080</a> |
Pas d'exemplaire disponible.




Réseaux sociaux